Équipe de France à l'Euro 2024 - Statistiques

Statistiques générales
  • Ce quiz a été pris 2 296 fois
  • Le résultat moyen est 20 sur 26
Statistiques - réponses
# Poste Joueur % Correct
10 A Kylian Mbappé
98%
16 G Mike Maignan
97%
7 M Antoine Griezmann
91%
11 A Ousmane Dembélé
90%
22 D Théo Hernandez
89%
9 A Olivier Giroud
85%
4 D Dayot Upamecano
84%
13 M N'Golo Kanté
84%
23 G Alphonse Areola
83%
17 D William Saliba
82%
5 D Jules Koundé
81%
1 G Brice Samba
80%
24 D Ibrahima Konaté
80%
8 M Aurélien Tchouaméni
79%
14 M Adrien Rabiot
78%
12 A Randal Kolo Muani
78%
6 M Eduardo Camavinga
77%
2 D Benjamin Pavard
76%
25 A Bradley Barcola
76%
15 A Marcus Thuram
73%
Sélectionneur Didier Deschamps
71%
20 A Kingsley Coman
61%
18 M Warren Zaïre-Emery
55%
21 D Jonathan Clauss
52%
19 M Youssouf Fofana
51%
3 D Ferland Mendy
49%
Aucun quiz correspondant
Distribution des résultats
% des personnes avec chaque résultat
Percentile par nombre de réponses
Votre historique - résultats
Vous n’avez pas pris ce quiz